[Event "HUN-chT1 Charousek 2324"]
[Site "Hungary"]
[Date "2023.11.26"]
[Round "4.1"]
[White "Lizak, Peter"]
[Black "Fancsy, Imre"]
[Result "1/2-1/2"]
[WhiteElo "2415"]
[BlackElo "2350"]
[PlyCount "317"]
[EventDate "2023.10.08"]
[EventType "team-tourn"]
[EventRounds "11"]
[EventCountry "HUN"]
[SourceTitle "EXT 2025"]
[Source "ChessBase"]
[SourceDate "2024.10.14"]
[SourceVersion "1"]
[SourceVersionDate "2024.10.14"]
[SourceQuality "1"]
[WhiteTeam "Paks ASE II"]
[BlackTeam "Balatonfuered"]
[WhiteTeamCountry "HUN"]
[BlackTeamCountry "HUN"]

1. c4 e6 2. g3 d5 3. Bg2 Nf6 4. Nf3 Be7 5. 0-0 0-0 6. b3 c5 7. cxd5 Nxd5 8. Bb2 Nc6 9. d4 Nxd4 10. Nxd4 Bf6 11. Na3 cxd4 12. Bxd4 Nc3 13. Bxc3 Bxc3 14. Qxd8 Rxd8 15. Rad1 Bf6 16. Nb5 Kf8 17. Rxd8+ Bxd8 18. Nd6 Be7 19. Nxb7 Bxb7 20. Bxb7 Rb8 21. Ba6 Rb6 22. Rc1 Bd6 23. Bd3 Ke7 24. h4 h6 25. Kg2 Rb8 26. Kf3 Kd7 27. Ba6 Rb6 28. Bc4 Ke7 29. Bd3 Rb4 30. e3 Rb8 31. Ke2 Kd7 32. f4 Rc8 33. Bb5+ Kd8 34. Bc4 Ke7 35. e4 f6 36. Kf3 a5 37. Rc2 Rc5 38. g4 Rc8 39. Re2 Rc5 40. Rd2 Rc8 41. f5 exf5 42. gxf5 h5 43. Rg2 Kf8 44. Ke3 Bc5+ 45. Kd3 Bb4 46. Kc2 Rd8 47. Be6 Rd4 48. Bd5 Bd6 49. Rf2 Bc5 50. Re2 Bb4 51. Bc4 Bd6 52. Bd3 Bb4 53. Re3 Bd6 54. Rf3 Bb4 55. Rf1 Bd6 56. Kd2 Bb4+ 57. Ke3 Bc5 58. Ke2 Ba3 59. Rf3 Bb4 60. Rh3 Ke7 61. Rg3 Kf8 62. Rg1 Ba3 63. Rd1 Ke7 64. Kd2 Bb4+ 65. Kc2 Bd6 66. Ra1 Be5 67. Rg1 Kf8 68. a3 Bd6 69. Ra1 Be5 70. Rd1 Bd6 71. Kb2 Be5 72. Ka2 Bg3 73. b4 axb4 74. a4 Bxh4 75. a5 Bf2 76. a6 h4 77. e5 Rd5 78. e6 h3 79. Be2 Rxf5 80. Bc4 h2 81. Rd8+ Ke7 82. Rh8 Bg1 83. Kb3 Re5 84. Kxb4 g5 85. Rxh2 Bc5+ 86. Kb3 g4 87. Rh7+ Kd6 88. a7 Re3+ 89. Kc2 Bxa7 90. Rxa7 g3 91. Rd7+ Kc5 92. Bd5 g2 93. Bxg2 Rxe6 94. Rd5+ Kc4 95. Rd2 Re5 96. Bf1+ Kc5 97. Rf2 Re6 98. Kd3 Kd5 99. Bh3 Rd6 100. Ke3 Kc6 101. Ke4 Kc5 102. Rc2+ Kb6 103. Kf5 Rc6 104. Rd2 Kc7 105. Re2 Rd6 106. Kg6 Kc6 107. Be6 Kc5 108. Kxf6 Kd4 109. Kf5 Ra6 110. Re4+ Kc3 111. Ke5 Ra8 112. Rc4+ Kd3 113. Rb4 Re8 114. Rb3+ Kc2 115. Ra3 Kb2 116. Rg3 Kc2 117. Kd5 Kd2 118. Bf5 Re3 119. Rg8 Ra3 120. Rg2+ Kc3 121. Rc2+ Kb3 122. Rc5 Ra8 123. Bc8 Kb4 124. Rc1 Kb3 125. Kd4 Kb2 126. Rc5 Ra4+ 127. Kd3 Ra3+ 128. Kd2 Rg3 129. Ba6 Rg2+ 130. Be2 Rg3 131. Rh5 Rb3 132. Bd3 Rb8 133. Rh1 Ka2 134. Kc3 Rb3+ 135. Kd4 Rb8 136. Bc4+ Ka3 137. Rh2 Rb2 138. Rh3+ Kb4 139. Rh5 Rg2 140. Rb5+ Ka4 141. Rb6 Rg4+ 142. Kc3 Rg3+ 143. Bd3 Rg5 144. Rh6 Re5 145. Bc4 Re3+ 146. Kd4 Rg3 147. Kc5 Rg5+ 148. Bd5 Ka5 149. Rh8 Rg6 150. Ra8+ Ra6 151. Rb8 Rh6 152. Rb5+ Ka6 153. Rb4 Ka7 154. Rb7+ Ka6 155. Rb8 Ka5 156. Bf7 Rf6 157. Bc4 Rf5+ 158. Bd5 Rf6 159. Rb2 1/2-1/2

[Event "HUN-chT1 Charousek 2324"]
[Site "Hungary"]
[Date "2023.10.15"]
[Round "2.1"]
[White "Csiszar, Csaba"]
[Black "Fancsy, Imre"]
[Result "1/2-1/2"]
[WhiteElo "2382"]
[BlackElo "2350"]
[PlyCount "23"]
[EventDate "2023.10.08"]
[EventType "team-tourn"]
[EventRounds "11"]
[EventCountry "HUN"]
[SourceTitle "EXT 2025"]
[Source "ChessBase"]
[SourceDate "2024.10.14"]
[SourceVersion "1"]
[SourceVersionDate "2024.10.14"]
[SourceQuality "1"]
[WhiteTeam "Komlo Banyasz"]
[BlackTeam "Balatonfuered"]
[WhiteTeamCountry "HUN"]
[BlackTeamCountry "HUN"]

1. d4 d5 2. Nf3 Nf6 3. c4 c6 4. Nc3 g6 5. cxd5 cxd5 6. g3 Bg7 7. Bg2 0-0 8. 0-0 Ne4 9. Nd2 Nxd2 10. Bxd2 e6 11. e3 Nc6 12. h4 1/2-1/2

[Event "HUN-chT1 Charousek 2324"]
[Site "Hungary"]
[Date "2023.10.08"]
[Round "1.1"]
[White "Fancsy, Imre"]
[Black "Juhasz, Agoston Botond"]
[Result "1/2-1/2"]
[WhiteElo "2350"]
[BlackElo "2406"]
[PlyCount "41"]
[EventDate "2023.10.08"]
[EventType "team-tourn"]
[EventRounds "11"]
[EventCountry "HUN"]
[SourceTitle "EXT 2025"]
[Source "ChessBase"]
[SourceDate "2024.10.14"]
[SourceVersion "1"]
[SourceVersionDate "2024.10.14"]
[SourceQuality "1"]
[WhiteTeam "Balatonfuered"]
[BlackTeam "Budapest MTK"]
[WhiteTeamCountry "HUN"]
[BlackTeamCountry "HUN"]

1. d4 d5 2. Nf3 Nf6 3. Bf4 Bf5 4. e3 e6 5. Bd3 Bd6 6. Bxf5 exf5 7. Bxd6 Qxd6 8. 0-0 0-0 9. Nbd2 f4 10. exf4 Qxf4 11. c3 c6 12. Re1 Nbd7 13. Qb3 Qc7 14. Re7 Rfe8 15. Rae1 Rxe7 16. Rxe7 Re8 17. Rxe8+ Nxe8 18. Qa3 a6 19. Qe7 Ndf6 20. Qxc7 Nxc7 21. Ne5 1/2-1/2

[Event "HUN-chT1 Charousek 2223"]
[Site "Hungary"]
[Date "2023.04.23"]
[Round "9.2"]
[White "Margl, Roland"]
[Black "Fancsy, Imre"]
[Result "1/2-1/2"]
[WhiteElo "2337"]
[BlackElo "2356"]
[PlyCount "40"]
[EventDate "2022.11.20"]
[EventType "team-tourn"]
[EventRounds "9"]
[EventCountry "HUN"]
[SourceTitle "EXT 2025"]
[Source "ChessBase"]
[SourceDate "2024.10.14"]
[SourceVersion "1"]
[SourceVersionDate "2024.10.14"]
[SourceQuality "1"]
[WhiteTeam "Tapolca VSE"]
[BlackTeam "Balatonfuered"]
[WhiteTeamCountry "HUN"]
[BlackTeamCountry "HUN"]

1. d4 d5 2. Nf3 Nf6 3. c4 c6 4. e3 e6 5. Nc3 Nbd7 6. Qc2 Bd6 7. b3 0-0 8. Be2 b6 9. 0-0 Bb7 10. Bb2 Qe7 11. Rad1 Rad8 12. Rfe1 Rfe8 13. Bf1 c5 14. cxd5 exd5 15. g3 Rc8 16. Bh3 cxd4 17. exd4 Qd8 18. Rxe8+ Qxe8 19. Re1 Qd8 20. Ne5 Rc7 1/2-1/2

[Event "HUN-chT1 Charousek 2223"]
[Site "Hungary"]
[Date "2023.01.29"]
[Round "4.2"]
[White "Fancsy, Imre"]
[Black "Seres, Lajos"]
[Result "1/2-1/2"]
[WhiteElo "2348"]
[BlackElo "2361"]
[PlyCount "63"]
[EventDate "2022.11.20"]
[EventType "team-tourn"]
[EventRounds "9"]
[EventCountry "HUN"]
[SourceTitle "EXT 2025"]
[Source "ChessBase"]
[SourceDate "2024.10.14"]
[SourceVersion "1"]
[SourceVersionDate "2024.10.14"]
[SourceQuality "1"]
[WhiteTeam "Balatonfuered"]
[BlackTeam "Szentgotthard Alsoszolnok"]
[WhiteTeamCountry "HUN"]
[BlackTeamCountry "HUN"]

1. d4 d5 2. c4 c6 3. Nc3 Nf6 4. e3 e6 5. Nf3 Nbd7 6. Bd3 dxc4 7. Bxc4 b5 8. Bd3 Bb7 9. 0-0 a6 10. e4 c5 11. d5 Qc7 12. dxe6 fxe6 13. Bc2 c4 14. Ng5 Nc5 15. e5 Qxe5 16. Re1 Qd6 17. Qxd6 Bxd6 18. Be3 0-0 19. Rad1 Be7 20. Bxc5 Bxc5 21. Nxe6 Rfc8 22. Nxc5 Rxc5 23. f3 Kf8 24. Re6 a5 25. Kf2 b4 26. Ne2 Bc8 27. Nd4 Kf7 28. Rc6 Rxc6 29. Nxc6 Be6 30. Rd6 b3 31. axb3 cxb3 32. Bd3 1/2-1/2

[Event "HUN-chT1 Charousek 2223"]
[Site "Hungary"]
[Date "2022.12.04"]
[Round "2.2"]
[White "Fancsy, Imre"]
[Black "Karsa, Laszlo"]
[Result "1-0"]
[WhiteElo "2343"]
[BlackElo "2323"]
[PlyCount "79"]
[EventDate "2022.11.20"]
[EventType "team-tourn"]
[EventRounds "9"]
[EventCountry "HUN"]
[SourceTitle "EXT 2025"]
[Source "ChessBase"]
[SourceDate "2024.10.14"]
[SourceVersion "1"]
[SourceVersionDate "2024.10.14"]
[SourceQuality "1"]
[WhiteTeam "Balatonfuered"]
[BlackTeam "Komlo Banyasz"]
[WhiteTeamCountry "HUN"]
[BlackTeamCountry "HUN"]

1. Nf3 Nf6 2. c4 g6 3. g3 Bg7 4. Bg2 0-0 5. d4 c6 6. Nc3 d5 7. cxd5 cxd5 8. Ne5 e6 9. 0-0 Nfd7 10. f4 f6 11. Nf3 Nc6 12. Be3 Nb6 13. Bf2 Nc4 14. e4 Nxb2 15. Qe2 Nc4 16. exd5 exd5 17. Nxd5 Nd6 18. Rfe1 Rf7 19. Rad1 Bg4 20. Qd3 Rc8 21. Ne3 Bxf3 22. Bxf3 Re7 23. f5 Rxe3 24. Qxe3 Nxf5 25. Qb3+ Kh8 26. Qxb7 Nd6 27. Qa6 Nb4 28. Qxa7 f5 29. a3 Nc2 30. Re7 Qf8 31. Re6 Nb5 32. Qd7 Nbxa3 33. d5 Rd8 34. Qe7 Nb5 35. Qxf8+ Bxf8 36. Rc6 Nb4 37. Rb6 Na3 38. d6 Nbc2 39. d7 Kg7 40. Rc6 1-0

[Event "Mosonmagyarovar White Horse IM"]
[Site "Mosonmagyarovar"]
[Date "2021.09.26"]
[Round "4"]
[White "Leszko, Bence"]
[Black "Fancsy, Imre"]
[Result "0-1"]
[WhiteElo "2229"]
[BlackElo "2346"]
[PlyCount "76"]
[EventDate "2021.09.24"]
[EventType "tourn"]
[EventRounds "9"]
[EventCountry "HUN"]
[SourceTitle "CBM 204 Extra"]
[Source "ChessBase"]
[SourceDate "2021.11.30"]
[SourceVersion "1"]
[SourceVersionDate "2021.11.30"]
[SourceQuality "1"]

1. e4 c5 2. Nf3 e6 3. g3 Nc6 4. Bg2 Nf6 5. Nc3 d5 6. exd5 exd5 7. d4 Bg4 8. h3 cxd4 9. Nxd5 Be6 10. Nf4 Bc4 11. Nd3 Bb4+ 12. Kf1 0-0 13. Kg1 Bd6 14. b3 Bd5 15. Nf4 Be4 16. Kh2 Rc8 17. Ne2 Nb4 18. Nfxd4 Nxc2 19. Nxc2 Bxc2 20. Qd4 Qe7 21. Qe3 Qd7 22. f4 Rfe8 23. Qd2 Ne4 24. Qd4 Qe6 25. Bb2 Qh6 26. Rac1 Bc5 27. Qd7 Rcd8 28. Qb5 Bd3 29. Qxb7 Bxe2 30. Bxe4 Ba6 31. Qc7 Bb6 32. Qc2 Rxe4 33. Rhe1 Rxe1 34. Rxe1 Qd6 35. Bc1 h5 36. Qf5 g6 37. Qg5 Bb7 38. Rd1 Qxd1 0-1

[Event "Mosonmagyarovar White Horse IM"]
[Site "Mosonmagyarovar"]
[Date "2021.09.25"]
[Round "2"]
[White "Aayush, Bhattacherjee"]
[Black "Fancsy, Imre"]
[Result "0-1"]
[WhiteElo "2070"]
[BlackElo "2346"]
[PlyCount "118"]
[EventDate "2021.09.24"]
[EventType "tourn"]
[EventRounds "9"]
[EventCountry "HUN"]
[SourceTitle "CBM 204 Extra"]
[Source "ChessBase"]
[SourceDate "2021.11.30"]
[SourceVersion "1"]
[SourceVersionDate "2021.11.30"]
[SourceQuality "1"]

1. e4 c5 2. Nf3 e6 3. d4 cxd4 4. Nxd4 Nc6 5. Nb3 Nf6 6. Bd3 d5 7. exd5 Nxd5 8. 0-0 Ndb4 9. Be4 Qxd1 10. Rxd1 f5 11. Bxc6+ Nxc6 12. Nc3 Be7 13. Be3 0-0 14. Bc5 Kf7 15. a3 b6 16. Bxe7 Kxe7 17. Nd4 Bd7 18. Nxc6+ Bxc6 19. Rd2 Rad8 20. Rad1 Rxd2 21. Rxd2 g5 22. f3 h5 23. Kf2 h4 24. Ne2 e5 25. g3 Rh8 26. f4 exf4 27. gxf4 g4 28. Nd4 Be4 29. h3 Rg8 30. Kg1 gxh3+ 31. Kh2 Rg2+ 32. Rxg2 hxg2 33. Ne2 Kd6 34. Kh3 Kc5 35. Kxh4 Bxc2 36. Kg3 Bd1 37. Ng1 Bg4 38. Kxg2 Kd4 39. Nf3+ Ke3 40. Ne1 Kxf4 41. Kf2 Ke4 42. Nc2 a5 43. b4 a4 44. b5 Kd5 45. Nb4+ Kc4 46. Ke3 Kc5 47. Na2 Kc4 48. Nb4 Bh3 49. Kf2 Kxb5 50. Nd5 Kc5 51. Nc3 b5 52. Ke3 Kc4 53. Kd2 Bg2 54. Ne2 Be4 55. Kc1 Kd3 56. Nf4+ Ke3 57. Nh3 f4 58. Kb2 f3 59. Kc3 Bf5 0-1

[Event "HUN-ch rapid"]
[Site "Ajka"]
[Date "2020.07.19"]
[Round "10"]
[White "Fancsy, Imre"]
[Black "Gaal, Zsoka"]
[Result "1-0"]
[WhiteElo "2352"]
[BlackElo "2197"]
[PlyCount "45"]
[EventDate "2020.07.17"]
[EventType "swiss (rapid)"]
[EventRounds "13"]
[EventCountry "HUN"]
[SourceTitle "CBM 197 Extra"]
[Source "ChessBase"]
[SourceDate "2020.09.30"]
[SourceVersion "1"]
[SourceVersionDate "2020.09.30"]
[SourceQuality "1"]

1. Nf3 Nf6 2. c4 c5 3. g3 g6 4. Bg2 Bg7 5. Nc3 0-0 6. d4 cxd4 7. Nxd4 Nc6 8. 0-0 Qa5 9. Nb3 Qh5 10. c5 d6 11. cxd6 Rd8 12. e4 Rxd6 13. Qxh5 Nxh5 14. Be3 Be6 15. Nc5 Bxc3 16. bxc3 Bc4 17. Rfb1 Rb8 18. Nxb7 Rd3 19. Nc5 Rxb1+ 20. Rxb1 Rxc3 21. e5 Na5 22. Bd2 Ra3 23. Bh6 1-0

[Event "HUN-ch rapid"]
[Site "Ajka"]
[Date "2020.07.19"]
[Round "13"]
[White "Fancsy, Imre"]
[Black "Papp, Gabor"]
[Result "0-1"]
[WhiteElo "2352"]
[BlackElo "2602"]
[PlyCount "128"]
[EventDate "2020.07.17"]
[EventType "swiss (rapid)"]
[EventRounds "13"]
[EventCountry "HUN"]
[SourceTitle "CBM 197 Extra"]
[Source "ChessBase"]
[SourceDate "2020.09.30"]
[SourceVersion "1"]
[SourceVersionDate "2020.09.30"]
[SourceQuality "1"]

1. Nf3 c5 2. c4 Nc6 3. g3 g6 4. Bg2 Bg7 5. Nc3 e5 6. a3 d6 7. 0-0 Nge7 8. b4 0-0 9. Rb1 f5 10. Ne1 Rb8 11. Nc2 f4 12. e3 g5 13. Qh5 Bf5 14. Be4 Ng6 15. bxc5 dxc5 16. Bd5+ Kh8 17. Ne4 Nge7 18. Nxg5 Nxd5 19. cxd5 Qxd5 20. d3 Bg6 21. e4 Qa2 22. Rb2 Qxb2 23. Qxg6 hxg6 24. Bxb2 Rfd8 25. Nf7+ Kg8 26. Nxd8 Rxd8 27. Rd1 g5 28. f3 b5 29. Kf2 Kf7 30. Ke2 Rh8 31. Rh1 fxg3 32. h3 g2 33. Rg1 Rxh3 34. Rxg2 Bf6 35. Ne3 a5 36. a4 bxa4 37. Nc4 Rh1 38. Ba3 Nd4+ 39. Ke3 Re1+ 40. Kf2 Rd1 41. Ke3 Rf1 42. Rf2 Re1+ 43. Kd2 Ra1 44. Kc3 Nb5+ 45. Kb2 Rd1 46. Kc2 Ra1 47. Kb2 Rh1 48. Bxc5 Ke6 49. Na3 Nd4 50. Bxd4 exd4 51. Nc4 Be7 52. f4 gxf4 53. Rxf4 Rh2+ 54. Kb1 a3 55. Rf5 Bb4 56. Rb5 Kd7 57. e5 Kc6 58. Rb6+ Kc5 59. Rb7 a2+ 60. Ka1 Bc3+ 61. Nb2 Rxb2 62. Rxb2 Kd5 63. Kxa2 Bxb2 64. Kxb2 Kxe5 0-1

[Event "HUN-ch rapid"]
[Site "Ajka"]
[Date "2020.07.19"]
[Round "11"]
[White "Kaczur, Florian"]
[Black "Fancsy, Imre"]
[Result "1-0"]
[WhiteElo "2507"]
[BlackElo "2352"]
[PlyCount "95"]
[EventDate "2020.07.17"]
[EventType "swiss (rapid)"]
[EventRounds "13"]
[EventCountry "HUN"]
[SourceTitle "CBM 197 Extra"]
[Source "ChessBase"]
[SourceDate "2020.09.30"]
[SourceVersion "1"]
[SourceVersionDate "2020.09.30"]
[SourceQuality "1"]

1. e4 c5 2. Ne2 e6 3. Nbc3 a6 4. d4 cxd4 5. Nxd4 Qc7 6. g3 Bb4 7. Bd2 Nf6 8. Bg2 Be7 9. 0-0 Nc6 10. Nxc6 dxc6 11. Qe2 e5 12. a4 0-0 13. a5 Bg4 14. f3 Be6 15. Na4 Nd7 16. Qe3 Rad8 17. Rfd1 f6 18. b3 h6 19. Be1 Kh7 20. Qc3 Rfe8 21. Bf2 Qc8 22. Bf1 Nf8 23. Bc5 Rxd1 24. Rxd1 Rd8 25. Rd3 Rxd3 26. Bxd3 Qc7 27. Kg2 Bc8 28. Bc4 Bxc5 29. Nxc5 Qd6 30. b4 Qd1 31. Qd3 Qxd3 32. cxd3 g5 33. Kf2 Kg6 34. Ke3 f5 35. d4 f4+ 36. gxf4 gxf4+ 37. Kd3 Kf6 38. d5 cxd5 39. Bxd5 Nd7 40. Nxb7 Nb8 41. Nc5 Kg5 42. Ke2 Kh4 43. Kf2 Kg5 44. Bc4 Kf6 45. b5 axb5 46. Bxb5 Ke7 47. a6 Nxa6 48. Bxa6 1-0

[Event "HUN-ch rapid"]
[Site "Ajka"]
[Date "2020.07.17"]
[Round "4"]
[White "Fancsy, Imre"]
[Black "Nagy, Gabor"]
[Result "0-1"]
[WhiteElo "2352"]
[BlackElo "2502"]
[PlyCount "78"]
[EventDate "2020.07.17"]
[EventType "swiss (rapid)"]
[EventRounds "13"]
[EventCountry "HUN"]
[SourceTitle "CBM 197 Extra"]
[Source "ChessBase"]
[SourceDate "2020.09.30"]
[SourceVersion "1"]
[SourceVersionDate "2020.09.30"]
[SourceQuality "1"]

1. Nf3 c5 2. c4 Nc6 3. g3 g6 4. Bg2 Bg7 5. Nc3 d6 6. d3 e6 7. Bg5 Nge7 8. 0-0 h6 9. Bd2 0-0 10. a3 Qd7 11. Rb1 b6 12. b4 Bb7 13. Qc1 Kh7 14. b5 Nd4 15. Nxd4 cxd4 16. Na2 Bxg2 17. Kxg2 Rfc8 18. Bb4 Nf5 19. Qf4 d5 20. Rbc1 dxc4 21. dxc4 a5 22. bxa6 Rxa6 23. Rfd1 Rxc4 24. Rxc4 Qd5+ 25. e4 Qxc4 26. exf5 Qxa2 27. f6 Qd5+ 28. Kg1 e5 29. Qh4 Qf3 30. fxg7 Qxd1+ 31. Kg2 Ra8 32. Bf8 Qh5 33. Qf6 Kg8 34. Bb4 Qf5 35. Qe7 Kxg7 36. Bd6 Ra5 37. Qd8 Kh7 38. Bf8 Qe6 39. Bxh6 Qd5+ 0-1

[Event "HUN-ch rapid"]
[Site "Ajka"]
[Date "2020.07.17"]
[Round "1"]
[White "Palczert, Botond"]
[Black "Fancsy, Imre"]
[Result "0-1"]
[WhiteElo "2082"]
[BlackElo "2352"]
[PlyCount "28"]
[EventDate "2020.07.17"]
[EventType "swiss (rapid)"]
[EventRounds "13"]
[EventCountry "HUN"]
[SourceTitle "CBM 197 Extra"]
[Source "ChessBase"]
[SourceDate "2020.09.30"]
[SourceVersion "1"]
[SourceVersionDate "2020.09.30"]
[SourceQuality "1"]

1. d4 d5 2. c4 dxc4 3. e3 a6 4. Bxc4 e6 5. Nf3 c5 6. 0-0 Nf6 7. a4 Nc6 8. Nc3 Be7 9. dxc5 Qc7 10. Qe2 Bxc5 11. e4 Ng4 12. h3 Nd4 13. hxg4 Nxe2+ 14. Bxe2 b6 0-1

[Event "HUN-chT2 Charousek 1819"]
[Site "Hungary"]
[Date "2018.10.28"]
[Round "3.1"]
[White "Lizak, Peter"]
[Black "Fancsy, Imre"]
[Result "1-0"]
[WhiteElo "2443"]
[BlackElo "2365"]
[PlyCount "61"]
[EventDate "2018.09.23"]
[EventType "team-tourn"]
[EventRounds "11"]
[EventCountry "HUN"]
[SourceTitle "CBM 189 Extra"]
[Source "ChessBase"]
[SourceDate "2019.05.31"]
[SourceVersion "1"]
[SourceVersionDate "2019.05.31"]
[SourceQuality "1"]
[WhiteTeam "Paks ASE II"]
[BlackTeam "Balatonfuered"]
[WhiteTeamCountry "HUN"]
[BlackTeamCountry "HUN"]

1. d4 d5 2. Nf3 Nf6 3. Bf4 c5 4. e3 Nc6 5. Nbd2 e6 6. c3 Bd6 7. Bg3 0-0 8. Bd3 b6 9. Qe2 Bb7 10. Rd1 Nh5 11. Bxd6 Qxd6 12. Ne5 g6 13. g4 Ng7 14. f4 f6 15. Nxc6 Bxc6 16. Nf3 cxd4 17. cxd4 Rfc8 18. h4 Ba4 19. b3 Be8 20. h5 gxh5 21. gxh5 Bxh5 22. Rxh5 Nxh5 23. Qh2 Rc7 24. Qxh5 Rac8 25. Kf2 Rg7 26. Rg1 Rxg1 27. Qxh7+ Kf8 28. Nxg1 Qc7 29. Qh8+ Kf7 30. Qh6 Rg8 31. Qh7+ 1-0

[Event "HUN-chT2 Charousek 1819"]
[Site "Hungary"]
[Date "2018.09.23"]
[Round "1.1"]
[White "Czebe, Attila"]
[Black "Fancsy, Imre"]
[Result "1/2-1/2"]
[WhiteElo "2426"]
[BlackElo "2365"]
[PlyCount "93"]
[EventDate "2018.09.23"]
[EventType "team-tourn"]
[EventRounds "11"]
[EventCountry "HUN"]
[SourceTitle "CBM 189 Extra"]
[Source "ChessBase"]
[SourceDate "2019.05.31"]
[SourceVersion "1"]
[SourceVersionDate "2019.05.31"]
[SourceQuality "1"]
[WhiteTeam "Ajka Banyasz"]
[BlackTeam "Balatonfuered"]
[WhiteTeamCountry "HUN"]
[BlackTeamCountry "HUN"]

1. Nf3 d5 2. g3 Nc6 3. Bg2 e5 4. 0-0 e4 5. Ne1 Nf6 6. d3 Bf5 7. Bg5 h6 8. dxe4 Bxe4 9. Bxf6 Qxf6 10. Nc3 0-0-0 11. Nxe4 dxe4 12. Qc1 Qe5 13. c3 f5 14. Nc2 Bc5 15. b4 Be7 16. Ne3 Bg5 17. Rb1 h5 18. Qa3 Bxe3 19. fxe3 Kb8 20. Rbd1 h4 21. Rxd8+ Nxd8 22. Qa5 Qxa5 23. bxa5 hxg3 24. hxg3 Rh5 25. g4 fxg4 26. Bxe4 c6 27. a6 Re5 28. Bd3 b5 29. Rf4 Kc7 30. Rxg4 Ne6 31. Kf2 g5 32. c4 Nc5 33. cxb5 cxb5 34. Rb4 Nxa6 35. Rb1 Nc5 36. Bxb5 Ne4+ 37. Kg2 Nc3 38. Rc1 Rxb5 39. Rxc3+ Kd6 40. Kf3 Ra5 41. a3 Ke5 42. Kg4 Ke4 43. Rb3 Re5 44. a4 Ra5 45. Ra3 a6 46. Kg3 Rc5 47. Kg4 1/2-1/2

[Event "Zalakaros op 37th"]
[Site "Zalakaros"]
[Date "2018.06.01"]
[Round "8"]
[White "Pribelszky, Bence Daniel"]
[Black "Fancsy, Imre"]
[Result "1-0"]
[WhiteElo "2187"]
[BlackElo "2388"]
[PlyCount "55"]
[EventDate "2018.05.25"]
[EventType "swiss"]
[EventRounds "9"]
[EventCountry "HUN"]
[SourceTitle "CBM 184 Extra"]
[Source "ChessBase"]
[SourceDate "2018.06.28"]
[SourceVersion "1"]
[SourceVersionDate "2018.06.28"]
[SourceQuality "1"]

1. e4 c5 2. Nf3 e6 3. d4 cxd4 4. Nxd4 a6 5. Nc3 Qc7 6. Bd3 Nc6 7. Nb3 Nf6 8. 0-0 b5 9. f4 d6 10. Qf3 Be7 11. Be3 0-0 12. a4 b4 13. Nd1 e5 14. f5 Bb7 15. Nf2 Na5 16. Nxa5 Qxa5 17. g4 d5 18. g5 dxe4 19. Nxe4 Nxe4 20. Bxe4 Bxe4 21. Qxe4 Rfe8 22. f6 Bc5 23. Rae1 Rac8 24. fxg7 Qxa4 25. Bxc5 Rxc5 26. Qb7 Kxg7 27. Rxf7+ Kg6 28. Rf6+ 1-0

[Event "Zalakaros op 37th"]
[Site "Zalakaros"]
[Date "2018.05.28"]
[Round "4"]
[White "Biro, Sandor"]
[Black "Fancsy, Imre"]
[Result "1/2-1/2"]
[WhiteElo "2191"]
[BlackElo "2388"]
[PlyCount "116"]
[EventDate "2018.05.25"]
[EventType "swiss"]
[EventRounds "9"]
[EventCountry "HUN"]
[SourceTitle "CBM 184 Extra"]
[Source "ChessBase"]
[SourceDate "2018.06.28"]
[SourceVersion "1"]
[SourceVersionDate "2018.06.28"]
[SourceQuality "1"]

1. e4 c5 2. Nf3 e6 3. c3 Nf6 4. e5 Nd5 5. d4 cxd4 6. cxd4 d6 7. a3 Bd7 8. Bd3 Bc6 9. 0-0 Nd7 10. Qe2 Rc8 11. Re1 Be7 12. Bd2 dxe5 13. dxe5 Nc5 14. Bc2 Qb6 15. Nc3 Qxb2 16. Nxd5 Bxd5 17. Be3 Bxf3 18. gxf3 Qxe5 19. f4 Qc7 20. Rac1 0-0 21. f5 exf5 22. Bxf5 Rcd8 23. Qg4 g6 24. Bh6 Rfe8 25. h4 Rd5 26. Be6 Re5 27. Bc4 Bf6 28. Rxe5 Qxe5 29. Rd1 Qe4 30. Qxe4 Rxe4 31. Bd5 Rxh4 32. Be3 b6 33. f4 Rh3 34. Kf2 Bh4+ 35. Ke2 Rh2+ 36. Kf3 Rh3+ 37. Ke2 Rh2+ 38. Kf3 Rc2 39. Bd4 Ne6 40. Be5 Be7 41. Bxe6 fxe6 42. Rd7 Bxa3 43. Rxa7 Bf8 44. Rb7 Rc6 45. Kg4 Bd6 46. Kg5 Bxe5 47. fxe5 Rc1 48. Kf6 Rf1+ 49. Kxe6 h5 50. Rxb6 Kg7 51. Rb7+ Kh6 52. Rf7 Re1 53. Kf6 h4 54. e6 h3 55. e7 Rf1+ 56. Ke6 Re1+ 57. Kf6 Rf1+ 58. Ke6 Re1+ 1/2-1/2

[Event "Zalakaros op 37th"]
[Site "Zalakaros"]
[Date "2018.05.27"]
[Round "3"]
[White "Fancsy, Imre"]
[Black "Ongut, Tamas Gunes"]
[Result "1-0"]
[WhiteElo "2388"]
[BlackElo "2130"]
[PlyCount "51"]
[EventDate "2018.05.25"]
[EventType "swiss"]
[EventRounds "9"]
[EventCountry "HUN"]
[SourceTitle "CBM 184 Extra"]
[Source "ChessBase"]
[SourceDate "2018.06.28"]
[SourceVersion "1"]
[SourceVersionDate "2018.06.28"]
[SourceQuality "1"]

1. Nf3 g6 2. c4 Bg7 3. Nc3 d6 4. d4 Nf6 5. g3 0-0 6. Bg2 Nbd7 7. 0-0 e5 8. e4 exd4 9. Nxd4 Re8 10. h3 a6 11. Be3 Rb8 12. b3 Ne5 13. Rc1 c5 14. Nde2 b5 15. f4 Ned7 16. Qxd6 b4 17. e5 bxc3 18. Qd3 Nh5 19. g4 Nxf4 20. Bxf4 Bxe5 21. Bd5 Bxf4 22. Rxf4 Ne5 23. Qg3 Be6 24. Nxc3 Qa5 25. Rcf1 Rbd8 26. g5 1-0

[Event "Zalakaros op 37th"]
[Site "Zalakaros"]
[Date "2018.05.25"]
[Round "1"]
[White "Fancsy, Imre"]
[Black "Fultner, Jaromir"]
[Result "1-0"]
[WhiteElo "2388"]
[BlackElo "1956"]
[PlyCount "65"]
[EventDate "2018.05.25"]
[EventType "swiss"]
[EventRounds "9"]
[EventCountry "HUN"]
[SourceTitle "CBM 184 Extra"]
[Source "ChessBase"]
[SourceDate "2018.06.28"]
[SourceVersion "1"]
[SourceVersionDate "2018.06.28"]
[SourceQuality "1"]

1. Nf3 d5 2. c4 e6 3. g3 Nf6 4. Bg2 Nbd7 5. Qc2 Bd6 6. d4 Bb4+ 7. Nbd2 Ne4 8. 0-0 Bxd2 9. Nxd2 Nxd2 10. Bxd2 Nf6 11. Bb4 Bd7 12. f3 a5 13. Ba3 dxc4 14. e4 Bb5 15. Rfd1 Qd7 16. Bf1 Qc6 17. Qc3 h5 18. Rac1 h4 19. g4 Nd7 20. Kh1 0-0-0 21. Qxa5 b6 22. Qb4 h3 23. b3 e5 24. bxc4 Ba4 25. d5 Qf6 26. Rd3 Nc5 27. Re3 Qf4 28. Qe1 Rd6 29. Bb4 Rf6 30. Bd2 Nxe4 31. fxe4 Qxg4 32. Qg3 Qh5 33. Qxh3+ 1-0

[Event "HUN-chT2 Charousek 1718"]
[Site "Hungary"]
[Date "2018.01.28"]
[Round "5.1"]
[White "Horvath, Adam"]
[Black "Fancsy, Imre"]
[Result "1-0"]
[WhiteElo "2484"]
[BlackElo "2379"]
[PlyCount "61"]
[EventDate "2017.10.29"]
[EventType "team-tourn"]
[EventRounds "9"]
[EventCountry "HUN"]
[SourceTitle "EXT 2021"]
[Source "ChessBase"]
[SourceDate "2020.10.23"]
[SourceVersion "1"]
[SourceVersionDate "2020.10.23"]
[SourceQuality "1"]
[WhiteTeam "Csuti Hydro"]
[BlackTeam "Balatonfuered"]
[WhiteTeamCountry "HUN"]
[BlackTeamCountry "HUN"]

1. e4 c5 2. Nf3 e6 3. d4 cxd4 4. Nxd4 Qb6 5. c3 Nc6 6. Nb3 Nf6 7. N1d2 d5 8. exd5 Nxd5 9. Nf3 Qc7 10. Bc4 Nf6 11. Qe2 h6 12. Nbd4 Nxd4 13. Nxd4 a6 14. Bb3 Be7 15. 0-0 0-0 16. Qf3 Re8 17. Re1 Bd7 18. h3 e5 19. Qg3 Bf8 20. Bxh6 Qb6 21. Nc2 Nh5 22. Qf3 Qg6 23. Bd2 Rad8 24. Rad1 Bc5 25. Be3 Bf8 26. Bb6 Nf4 27. Bxd8 Rxd8 28. Qg3 Qh5 29. Ne3 Ne2+ 30. Rxe2 Qxe2 31. Qg5 1-0